| 000 | 00367nam a2200157Ia 4500 | ||
|---|---|---|---|
| 008 | 230917s9999||||xx |||||||||||||| ||und|| | ||
| 040 |
_e56257 _aMAIN |
||
| 041 | _aEnglish | ||
| 082 | _a338.521 D686B | ||
| 100 | _aDolan, Edwin G | ||
| 245 | 0 | _aBasic Microeconomic | |
| 250 | _a3rd ed. | ||
| 260 |
_aChicago _bDryden Press _c1983 |
||
| 300 | _a461 p. | ||
| 942 | _cBK | ||
| 999 |
_c36085 _d36085 |
||